000 00287nam a22001337a 4500
008 190304b xxu||||| |||| 00| 0 eng d
020 _a0070695296
041 _aeng
080 _a621
100 _a26
101 _aIM
245 _aCorporate Aviation
_cWhempner,R.J
942 _2udc
_cBK
999 _c54414
_d54414